Expert witless (Record no. 69342)
[ view plain ]
| 000 -LEADER | |
|---|---|
| fixed length control field | 01185cam a2200241 4500 |
| 001 - CONTROL NUMBER | |
| control field | ABS65024 |
| 008 - FIXED-LENGTH DATA ELEMENTS--GENERAL INFORMATION | |
| fixed length control field | 020123n2001 000 0 eng u |
| 035 ## - SYSTEM CONTROL NUMBER | |
| System control number | (Sirsi) u116416 |
| 100 ## - MAIN ENTRY--PERSONAL NAME | |
| Personal name | Bingham, T |
| 245 ## - TITLE STATEMENT | |
| Title | Expert witless |
| 260 ## - PUBLICATION, DISTRIBUTION, ETC. | |
| Date of publication, distribution, etc. | 2001 |
| 490 ## - SERIES STATEMENT | |
| Series statement | Building |
| Volume/sequential designation | 266(8212) 30 November 2001, 50-51(2) |
| 520 ## - SUMMARY, ETC. | |
| Summary, etc. | Discusses the role of the expert witness in a case between two architects, Gareth Pearce and Rem Koolhaas. Pearce accused Koolhaas of plagiarising his designs and engaged architect Mr Wilkey as his expert witness to explain the alleged copying. However, the case never came to trial because the evidence from the expert witness was deemed biased and irrational; Wilkey never visited the building in question and did not actually consider how an architect could have carried out the alleged copying. |
| 590 ## - LOCAL NOTE (RLIN) | |
| Local note | ABS |
| 650 ## - SUBJECT ADDED ENTRY--TOPICAL TERM | |
| Topical term or geographic name entry element | EXPERT WITNESS |
| 9 (RLIN) | 6239 |
| 650 ## - SUBJECT ADDED ENTRY--TOPICAL TERM | |
| Topical term or geographic name entry element | ARCHITECTS |
| 650 ## - SUBJECT ADDED ENTRY--TOPICAL TERM | |
| Topical term or geographic name entry element | BIAS |
| 650 ## - SUBJECT ADDED ENTRY--TOPICAL TERM | |
| Topical term or geographic name entry element | BUILT ENVIRONMENT-CONSTRUCTION DESIGN |
| 650 ## - SUBJECT ADDED ENTRY--TOPICAL TERM | |
| Topical term or geographic name entry element | ARCHITECTURAL PLANS |
| 650 ## - SUBJECT ADDED ENTRY--TOPICAL TERM | |
| Topical term or geographic name entry element | PLAGIARISM |
| 690 ## - LOCAL SUBJECT ADDED ENTRY--TOPICAL TERM (OCLC, RLIN) | |
| Topical term or geographic name as entry element | MANAGEMENT-DISPUTE AVOIDANCE, MANAGEMENT AND RESOLUTION-DISPUTE MANAGEMENT AND RESOLUTION-EXPERT WITNESSES |
| 942 ## - ADDED ENTRY ELEMENTS (KOHA) | |
| Suppress in OPAC | 0 |
| Withdrawn status | Lost status | Source of classification or shelving scheme | Damaged status | Not for loan | Home library | Current library | Shelving location | Date acquired | Total Checkouts | Full call number | Barcode | Date last seen | Copy number | Price effective from | Koha item type |
|---|---|---|---|---|---|---|---|---|---|---|---|---|---|---|---|
| Dewey Decimal Classification | London | London | Journal article | 23/01/2002 | ABS65024 | 116416-1001 | 06/08/2019 | 1 | 06/08/2019 | Journal article |